000 00416nam a22001697a 4500
005 20160528111709.0
008 160528b xxu||||| |||| 00| 0 eng d
020 _a81-259-0946-X
041 _aeng
082 _b5742
100 _aNeelamegham, S.
_91439
245 _aMarketing in India
260 _aNew Delhi
_bVikas Publishing House (P) Ltd.
_c2008
300 _a499
650 _aManagement
_9241
942 _cBK
999 _c2036
_d2035